| 000 | 00000nam 2200000za 4500 |
| 001 | 9.841912 |
| 003 | CaOODSP |
| 005 | 20221107152215 |
| 007 | cr ||||||||||| |
| 008 | 170817s2013 onc |o f|0| 0 eng d |
| 040 | |aCaOODSP|beng |
| 041 | |aeng|afre |
| 043 | |an-cn--- |
| 086 | 1 |aCS11-619/2013-4-PDF |
| 100 | 1 |aDion, Sarah Maude. |
| 245 | 10|aAnalysis of insulin for cycle 2 data of the Canadian Health Measures Survey |h[electronic resource] = |bAnalyse des données d'insuline du cycle 2 de l'Enquête canadienne sur les mesures de la santé / |cSarah Maude Dion. |
| 246 | 11|aAnalyse des données d'insuline du cycle 2 de l'Enquête canadienne sur les mesures de la santé |
| 260 | |a[Ottawa] : |bStatistics Canada, |c2013. |
| 300 | |a19, 20 p. : |bfigures. |
| 490 | 1 |aWorking paper ; |v2013-4 |
| 500 | |aDigitized edition from print [produced by Statistics Canada]. |
| 500 | |a"HSMD-2013-004E/F." |
| 500 | |a"February 2013." |
| 504 | |aIncludes bibliographic references. |
| 520 | 3 |a"This paper provides the details of the analysis that were conducted to determine whether the insulin samples were stable when frozen for up to two years and whether there was a bias between the two instruments used for the measurements"--Abstract. |
| 546 | |aFrench text follows the English text. |
| 692 | 07|2gccst|aMethodology |
| 692 | 07|2gccst|aStatistical analysis |
| 692 | 07|2gccst|aSurveys |
| 710 | 1 |aCanada. |bStatistics Canada. |bMethodology Branch. |
| 792 | |tAnalysis of insulin for cycle 2 data of the Canadian Health Measures Survey |efre|w(CaOODSP)9.841921 |
| 830 | #0|aWorking paper (Statistics Canada. Methodology Branch)|v2013-4|w(CaOODSP)9.834763 |
| 856 | 40|qPDF|s4.69 MB|uhttps://publications.gc.ca/collections/collection_2017/statcan/11-613/CS11-619-2013-4.pdf |
| 986 | |a11-619 no. 2013-004 |